00851cam a2200265 i 45000010009000000050017000090080041000260100017000670200018000840200015001020350024001170400035001410410008001760420014001840800017001980820021002151000007002361010008002432450093002515040051003449060045003959420012004409990017004529520116004691868726220180206042509.0150706t20162016nyua b 001 0 eng d a 2015452142 a9780190216733 a0190216735 a(OCoLC)ocn910106066 aCPAbengcCPAerdadOCLCOdDLC aeng alccopycat a320.473 JAM04a320.473 JAM2231 a22 aPOL10aBy the people :cJames A. Morone, Brown University, Rogan Kersh, Wake Forest University. aIncludes bibliographical references and index. a7bcbcccopycatd2encipf20gy-gencatlg 2ddccBK c41892d41892 00102udc40708PËKGa002b002cPËKGd2018-02-06l0o320.473 JAMp002-2999243r2018-02-06w2018-02-06yBK